00574cam a22002291 4500001001300000003000400013005001700017008004100034010001700075035002000092040001800112042001200130043001200142050001700154100002500171245004200196260001200238300001800250500001400268650004500282999001700327sa 67005768 DLC20260227112400.0890626m19669999ii 000 0 orio  asa 67005768  a(OCoLC)19928964 aDLCcWaUdDLC apremarc aa-ii---00aPK2571b.M261 aMahanti, Brajamohan.10aOḍiā sāhityare ādhunika yuga. c[1966?- a v.c22 cm. aIn Oriya. 0aOriya literaturexHistory and criticism. c75435d75435